00550nam a2200169 450000500170000000800410001702000180005804100120007608200130008810000210010124500660012226000270018830000080021536500190022352001260024265000120036820260210154000.0260130b |||||||| |||| 00| 0 eng d a9781849948821 aEnglish a746bHEN aHenderson Ailish aNarrative Textiles: Tell Your Story in Mixed Media and Stitch aLondonbBatsfordc2024 a128 b2118.02cRs.00 a• Introduction • Processes in Motion • The Rags we see as Riches • Making Actions • Walking the Narrative Line  aTextile